Vista normal
Vista MARC
Entrada Personal Name
Número de registros utilizados en: 2
001 - CONTROL NUMBER
- control field: 274
003 - CONTROL NUMBER IDENTIFIER
- control field: OSt
005 - DATE AND TIME OF LATEST TRANSACTION
- control field: 20110727084046.0
008 - FIXED-LENGTH DATA ELEMENTS
- fixed length control field: 110727|||a|||||| | ||| d
040 ## - CATALOGING SOURCE
- Original cataloging agency: OSt
- Transcribing agency: OSt
100 ## - HEADING--PERSONAL NAME
- Personal name: Ruíz, Vicente.
670 ## - SOURCE DATA FOUND
- Source citation: Work cat.: (OSt)251: Calatroni, Carlos J. 273, Ginecología / , 1984.